| 000 | 00492nam a2200157 i 4500 | ||
|---|---|---|---|
| 001 | 104689 | ||
| 003 | ES-MaACL | ||
| 007 | t| | ||
| 008 | 051207s1973 sp ||||1| spa d | ||
| 100 | 1 |
_aMira de Amescua, Antonio. _981453 |
|
| 245 | 1 | 3 |
_aLa casa del tahur / _cAntonio Mira de Amescua; con introducción y notas de Vern G. Williamsen. |
| 260 |
_aMadrid : _bCastalia, _c1973. |
||
| 300 |
_a148 p. ; _c24 cm. |
||
| 700 | 1 |
_aWilliamsen, Vern G. _9116966 |
|
| 852 |
_aES-MaACL _jE-8129 _bR.92713 |
||
| 999 |
_c104689 _d104689 |
||